LDR 01464nam a2200253 i 4500 001 000000027245 003 CaOOAMICUS 005 20260428094326.0 008 180830s1820 it u000 u lat u 040 $aSeMil$bita 100 1 $aCaesar, Gaius Iulius,$d
.$0(OLS)http://semarc/name/8120 245 10$aC. Julii Caesaris itemque Auli Hirtii Quae extant omnia recensita et illustrata cura et studio Joannis Baptistae Giani .. 260 $aMediolani :$bTypis Nicolai Bettoni,$c1820. 300 $a3 v. ;$c4°. 490 1 $aClassicorum Latinorum nova editio cum notis et commentariis 774 0 $tVolumen 1.$dBrixiae : Typis Nicolai Bettoni, 1820.$kClassicorum Latinorum nova editio cum notis et commentariis$g1$w()215310 774 0 $tVolumen 2.$dBrixiae : Typis Nicolai Bettoni, 1820.$kClassicorum Latinorum nova editio cum notis et commentariis$g2$w()215311 774 0 $tVolumen 3.$dBrixiae : Typis Nicolai Bettoni, 1820.$kClassicorum Latinorum nova editio cum notis et commentariis$g3$w()215312 830 0$aClassicorum Latinorum nova editio cum notis et commentariis.$0(OLS)http://semarc/title/35293 900 0 $aGiulio Cesare. 996 $6245$aC. Julii Caesaris itemque Auli Hirtii Quae extant omnia recensita et illustrata cura et studio Joannis Baptistae Giani ..$9(OLS)http://semarc/title/36864 996 $6260$aMediolani :$bTypis Nicolai Bettoni$9(OLS)http://semarc/publisher/36740